| 000 | 00557nam a22001457a 4500 | ||
|---|---|---|---|
| 020 | _a973-93-5432-638-7 | ||
| 082 |
_a894.812.3 _bCHA/B |
||
| 100 | _aCHANDRAMATHI | ||
| 245 | _aBONSAI | ||
| 260 |
_aKOTTAYAM _bDC BOOKS _c2021 |
||
| 300 | _a133 | ||
| 520 | _aBonsai specimens are ordinary trees and shrubs, not hereditary dwarfs; they are dwarfed by a system of pruning roots and branches and training branches by tying them with wire. The art originated in China but has been pursued and developed primarily by the Japanese. | ||
| 650 | _aNOVEL | ||
| 942 | _cBK | ||
| 999 |
_c7195 _d7195 |
||